000 00443nam a2200181Ia 4500
001 17965
005 20260306171556.0
008 260306s9999||||xx |||||||||||||| ||und||
041 _aESP
082 _a658.3
_bP21
100 _aPalomino Vadillo, Mª Teresa
_eAUT
245 0 _aLiderazgo y motivación de equipos de trabajo
260 _c2011
300 _a279 P.
_c00 cm.
650 _aGEN
654 _aCAN
942 _cLIB
_dJUS
_fJUS
_2ddc
_n
999 _c17965
_d17965